Propuesta de plan estratégico de la empresa Nica Beauty Brand

La investigación presenta un diseño de planificación estratégica que tiene como objetivo determinar las acciones estratégicas que faciliten el cumplimiento de las metas establecidas por la empresa para los próximos cinco años.

Bibliographic Details
Main Authors: Silvestri Jirón, Pietro Marcelo, Noguera Mora, Yajaira Maricela
Other Authors: Tutor: Velásquez Vargas, Glenda Marcia
Format: Tesis Section = Libro
Language:Undetermined
Spanish
Published: Managua UNI 2021
Subjects:
LEADER 01110nam a2200277Ia 4500
008 240830s9999 xx 000 0 und d
040 |a BIBLIOTECA-RUSB/ M.Mon 658.4012 S587 
041 |a spa 
082 |a M.Mon 658.4012 S587 
100 1 |a Silvestri Jirón, Pietro Marcelo 
100 1 |b Noguera Mora, Yajaira Maricela 
245 1 0 |a Propuesta de plan estratégico de la empresa Nica Beauty Brand 
260 |a Managua  |b UNI  |c 2021 
300 |a 83 p. :il. 
500 |a Contiene: anexos y CD. 
502 |a Tesis (Máster en Gestión Empresarial) - UNI, 2021. 
520 3 |a La investigación presenta un diseño de planificación estratégica que tiene como objetivo determinar las acciones estratégicas que faciliten el cumplimiento de las metas establecidas por la empresa para los próximos cinco años. 
650 7 |a PLANIFICACION ESTRATEGICA 
650 7 |b  ESTRATEGIA ADMINISTRATIVA 
650 7 |c  PLANEACION 
650 7 |d  EVALUACION ESTRATEGICA 
650 7 |e  NEGOCIOS-NICARAGUA 
700 1 |a Tutor:  |b Velásquez Vargas, Glenda Marcia 
942 |c BK  |2 ddc 
991 |a TESIS 
999 |c 22276